00942nam a2200229Ia 4500008004100000020001800041100003100059245008900090250002200179300005500201490001900256650019900275700002400474264005700498336002700555337003300582338002800615040003500643084001100678942000800689999001500697161108s9999 xx 000 0 und d a9789588296449 aSalgari, Emilio, 1862-1911 aSandokán :b el tigre de Malasia /c Emilio Salgari ; ilustraciones de Alberto Pez aPrimera edición a271 páginas :b ilustraciones en color ;c 24 cm aEmilio Salgari aLiteratura Juvenil Italiana / Novela Juvenil Italiana / Autores Italianos - Siglo Xix / Narraciones De Aventuras / Historias De Aventuras - Siglo Xix / Piratas - Novela / Desde Los 15 A{Aelig}Os aPez, Alberto, 1963- aBogotá :b Ediciones gato azul ; Cangrejo Editores atextobtxt2rdacontent asin mediaciónbn2rdamedia avolumenbnc2rdacarrier aCO-BoRNBPbspaerdacCO-BoRNBP aN SAL1 2loc c7384d7384